Science and philosophy (Record no. 1325218)

MARC details
000 -LEADER
fixed length control field 00481nam a2200181Ia 4500
005 - DATE AND TIME OF LATEST TRANSACTION
control field 20250508150719.0
008 - FIXED-LENGTH DATA ELEMENTS--GENERAL INFORMATION
fixed length control field 008 250505s9999 xx 000 0 eng d
037 ## - SOURCE OF ACQUISITION
Stock number Textual
040 ## - CATALOGING SOURCE
Original cataloging agency FEDL
Language of cataloging eng
Transcribing agency FEDL
041 ## - LANGUAGE CODE
Language code of text/sound track or separate title eng
Source of code eng
084 ## - COLON CLASSIFICATION NUMBER
Classification number 501, ROY
Assigning agency FEDL
100 ## - MAIN ENTRY--PERSONAL NAME
Personal name Roy M N
245 #0 - TITLE STATEMENT
Title Science and philosophy
260 ## - PUBLICATION, DISTRIBUTION, ETC.
Place of publication, distribution, etc. Calcutta, India
Name of publisher, distributor, etc. Renaissance Publishers
Date of publication, distribution, etc. 1947
300 ## - PHYSICAL DESCRIPTION
Extent v,206p.
942 ## - ADDED ENTRY ELEMENTS (KOHA)
Koha item type Textual
Classification part 501, ROY
Holdings
Withdrawn status Lost status Damaged status Not for loan Home library Current library Date acquired Total Checkouts Full call number Barcode Date last seen Price effective from Koha item type
        Department of Education Library Department of Education Library 2025-05-08   501, ROY EL0004608 2025-05-08 2025-05-08 Textual
Copyright @ Delhi University Library System